Kabale University Library Catalogue

Capitalist development and democracy / (Record no. 6035)

MARC details
000 -LEADER
fixed length control field 01402pam a2200337 a 4500
005 - DATE AND TIME OF LATEST TRANSACTION
control field 20260205123524.0
008 - FIXED-LENGTH DATA ELEMENTS--GENERAL INFORMATION
fixed length control field 910806s1992 ilua b 001 0 eng
020 ## - INTERNATIONAL STANDARD BOOK NUMBER
International Standard Book Number 0226731421
020 ## - INTERNATIONAL STANDARD BOOK NUMBER
International Standard Book Number 0226731448
020 ## - INTERNATIONAL STANDARD BOOK NUMBER
International Standard Book Number 9780226731445
Qualifying information (paper : alk. paper)
040 ## - CATALOGING SOURCE
Original cataloging agency KABLIB
Transcribing agency KABLIB
Description conventions rda
082 00 - DEWEY DECIMAL CLASSIFICATION NUMBER
Classification number 321.8
Edition number 23
Item number RUE
100 1# - MAIN ENTRY--PERSONAL NAME
Personal name Rueschemeyer, Dietrich.
9 (RLIN) 15262
245 10 - TITLE STATEMENT
Title Capitalist development and democracy /
Statement of responsibility, etc. Dietrich Rueschemeyer, Evelyne Huber Stephens, and John D. Stephens.
260 ## - PUBLICATION, DISTRIBUTION, ETC.
Place of publication, distribution, etc. Chicago :
Name of publisher, distributor, etc. University of Chicago Press,
Date of publication, distribution, etc. 1992.
300 ## - PHYSICAL DESCRIPTION
Extent ix, 387 p. :
Other physical details ill. ;
Dimensions 24 cm.
336 ## - CONTENT TYPE
Content type term text
Content type code txt
Source rdacontent
337 ## - MEDIA TYPE
Media type term unmediated
Media type code n
Source rdamedia
338 ## - CARRIER TYPE
Carrier type term volume
Carrier type code nc
Source rdacarrier
504 ## - BIBLIOGRAPHY, ETC. NOTE
Bibliography, etc. note Includes bibliographical references (p. [309]-375) and index.
650 #0 - SUBJECT ADDED ENTRY--TOPICAL TERM
Topical term or geographic name entry element Democracy
Form subdivision Case studies.
9 (RLIN) 15159
650 #0 - SUBJECT ADDED ENTRY--TOPICAL TERM
Topical term or geographic name entry element Capitalism
Form subdivision Case studies.
9 (RLIN) 15263
650 #0 - SUBJECT ADDED ENTRY--TOPICAL TERM
Topical term or geographic name entry element Economic development
Form subdivision Case studies.
9 (RLIN) 15160
655 #7 - INDEX TERM--GENRE/FORM
Genre/form data or focus term Case studies.
Source of term lcgft
Authority record control number or standard number https://id.loc.gov/authorities/genreForms/gf2017026140
9 (RLIN) 3979
700 1# - ADDED ENTRY--PERSONAL NAME
Personal name Huber, Evelyne,
Dates associated with a name 1950-
9 (RLIN) 15264
700 1# - ADDED ENTRY--PERSONAL NAME
Personal name Stephens, John D.,
Dates associated with a name 1947-
9 (RLIN) 15265
856 42 - ELECTRONIC LOCATION AND ACCESS
Materials specified Publisher description
Uniform Resource Identifier <a href="http://www.loc.gov/catdir/description/uchi051/91029464.html">http://www.loc.gov/catdir/description/uchi051/91029464.html</a>
856 41 - ELECTRONIC LOCATION AND ACCESS
Materials specified Table of contents
Uniform Resource Identifier <a href="http://www.loc.gov/catdir/toc/uchi051/91029464.html">http://www.loc.gov/catdir/toc/uchi051/91029464.html</a>
906 ## - LOCAL DATA ELEMENT F, LDF (RLIN)
a 7
b cbc
c orignew
d 1
e ocip
f 19
g y-gencatlg
942 ## - ADDED ENTRY ELEMENTS (KOHA)
Source of classification or shelving scheme Dewey Decimal Classification
Koha item type Book
Holdings
Withdrawn status Lost status Source of classification or shelving scheme Damaged status Not for loan Home library Current library Shelving location Date acquired Source of acquisition Total Checkouts Full call number Date last seen Price effective from Koha item type Barcode
    Dewey Decimal Classification     Mukombe Library Mukombe Library Open Access Section 05.02.2026 Donation   321.8 RUE 05.02.2026 05.02.2026 Book  
    Dewey Decimal Classification     Mukombe Library Mukombe Library   05.02.2026     321.8 RUE 05.02.2026 05.02.2026 Book 14561

Kabale University Library | Kabale University P.O Box 317, Kabale, Uganda
Tel : +256754017033, +256774661503 E-mail : library@kab.ac.ug